| Tag |
First Indicator |
Second Indicator |
Subfields |
| LEADER |
00000cam a2200000La 4500 |
| 001 |
in00001753615 |
| 005 |
20190325103633.0 |
| 006 |
m u |
| 007 |
cr cn| |
| 008 |
010621s2001 nyua s 001 0 eng d |
| 020 |
|
|
|a 0471437808 (electronic bk.)
|
| 020 |
|
|
|a 9780471437802 (electronic bk.)
|
| 035 |
|
|
|a (OCoLC)ocm48138970
|
| 035 |
|
|
|a (OCoLC)48138970
|
| 040 |
|
|
|a N$T
|c N$T
|d OCLCQ
|d UtOrBLW
|
| 049 |
|
|
|a TXAM
|
| 050 |
1 |
4 |
|a TS156
|b .R688 2001eb
|
| 082 |
0 |
4 |
|a 658.5/62
|2 21
|
| 100 |
1 |
|
|a Roy, Ranjit K.,
|d 1947-
|
| 245 |
1 |
0 |
|a Design of experiments using the Taguchi approach :
|b 16 steps to product and process improvement /
|c Ranjit K. Roy.
|
| 264 |
|
1 |
|a New York :
|b Wiley,
|c 2001.
|
| 300 |
|
|
|a xv, 538 pages :
|b illustrations ;
|c 24 cm.
|
| 336 |
|
|
|a text
|b txt
|2 rdacontent
|
| 337 |
|
|
|a computer
|b c
|2 rdamedia
|
| 338 |
|
|
|a online resource
|b cr
|2 rdacarrier
|
| 500 |
|
|
|a "A Wiley-Interscience publication."
|
| 500 |
|
|
|a Includes index.
|
| 533 |
|
|
|a Electronic reproduction.
|b Boulder, Colo. :
|c NetLibrary,
|d 2001.
|n Available via World Wide Web.
|n Access may be limited to NetLibrary affiliated libraries.
|n Excludes the content of the material which accompanied the original book.
|
| 500 |
|
|
|a Electronic resource.
|
| 650 |
|
0 |
|a Quality control
|x Statistical methods.
|
| 650 |
|
0 |
|a Taguchi methods (Quality control)
|
| 650 |
|
0 |
|a Experimental design.
|
| 655 |
|
7 |
|a Electronic books.
|2 local
|
| 710 |
2 |
|
|a NetLibrary, Inc.
|
| 776 |
1 |
|
|c Original
|z 0471361011
|w (DLC) 00036841
|w (OCoLC)43894329
|
| 856 |
4 |
0 |
|u http://proxy.library.tamu.edu/login?url=http://www.netLibrary.com/urlapi.asp?action=summary&v=1&bookid=56599
|z Connect to the full text of this electronic book
|t 0
|
| 994 |
|
|
|a 92
|b TXA
|
| 999 |
|
|
|a MARS
|
| 999 |
f |
f |
|s 084bedc4-4f5e-30f6-bf31-b38ff2d2d3c7
|i 78d7df8a-2256-398f-82bc-f0b203e6bdd9
|t 0
|
| 952 |
f |
f |
|a Texas A&M University
|b College Station
|c Electronic Resources
|d Available Online
|t 0
|e TS156 .R688 2001eb
|h Library of Congress classification
|
| 998 |
f |
f |
|a TS156 .R688 2001eb
|t 0
|l Available Online
|